000 00290nam a22001337a 4500
008 170804b xxu||||| |||| 00| 0 eng d
020 _a9780471538479
041 _aeng
080 _a004
100 _a33
101 _aSHKI
245 _aNEURAL NETWORKS IN C++
_cBLUM, A
942 _2udc
_cBK
999 _c22710
_d22710